الهادي إلى النمو الإنفعالي عند الطفل / (رقم التسجيلة. 3202)

تفاصيل مارك
000 -LEADER
fixed length control field 00615nam a22001937a 4500
005 - DATE AND TIME OF LATEST TRANSACTION
control field 20251108164101.0
008 - FIXED-LENGTH DATA ELEMENTS--GENERAL INFORMATION
fixed length control field 250721s1991 xx 000 0 ara d
082 14 - DEWEY DECIMAL CLASSIFICATION NUMBER
Classification number 155.4/شنط
100 1# - MAIN ENTRY--PERSONAL NAME
Personal name الشنطي، راشد محمد
245 10 - TITLE STATEMENT
Title الهادي إلى النمو الإنفعالي عند الطفل /
264 1# - PRODUCTION, PUBLICATION, DISTRIBUTION, MANUFACTURE, AND COPYRIGHT NOTICE
Place of production, publication, distribution, manufacture عمان :
Name of producer, publisher, distributor, manufacturer مكتبة المحتسب،
Date of production, publication, distribution, manufacture, or copyright notice 1991.
300 ## - PHYSICAL DESCRIPTION
Extent 129ص
650 17 - SUBJECT ADDED ENTRY--TOPICAL TERM
Topical term or geographic name as entry element الأطفال
650 17 - SUBJECT ADDED ENTRY--TOPICAL TERM
Topical term or geographic name as entry element الدراسات
700 1# - ADDED ENTRY--PERSONAL NAME
Personal name أبو سنينه، عوده عبد الجواد
700 1# - ADDED ENTRY--PERSONAL NAME
Personal name عبد الهادي، نبيل أحمد
942 ## - ADDED ENTRY ELEMENTS (KOHA)
Source of classification or shelving scheme Dewey Decimal Classification
Koha item type كتب
المقتنيات
حالة السحب حالة الفقدان مصدر التصنيف حالة التلف غير قابل للإعارة المكتبة الرئيسية المكتبة الحالية موقع الرف تاريخ التزويد الرقم المتسلسل Total Checkouts رقم الإستدعاء تاريخ آخر ظهور تاريخ الفاتورة نوع المادة (كوها) الباركود
    Dewey Decimal Classification     مكتبة أم قصير والمقابلين العامة مكتبة أم قصير والمقابلين العامة الإعارة 25/08/2014 [ 288 ]   155.4/شنط 28/07/2025 25/08/2014 كتب PLD00341772
    Dewey Decimal Classification Unchecked   مكتبة الاميرة بديعة مكتبة الاميرة بديعة الإعارة 06/07/2004 2290   155.4/شنط 28/07/2025 06/07/2004 كتب  
    Dewey Decimal Classification Unchecked   مكتبة الجويدة مكتبة الجويدة الإعارة 06/07/2004 2092   155.4/شنط 28/07/2025 06/07/2004 كتب  
    Dewey Decimal Classification     مكتبة النصر العامة مكتبة النصر العامة الإعارة 09/10/2014 [4131]   155.4/شنط 28/07/2025 09/10/2014 كتب PLD00308279
    Dewey Decimal Classification     مكتبة صويلح العامة مكتبة صويلح العامة الإعارة 12/07/2015 003213   155.4/شنط 28/07/2025 12/07/2015 كتب PLD00337686
    Dewey Decimal Classification Unchecked   مكتبة وادي السير العامة مكتبة وادي السير العامة الإعارة 06/07/2004 1297   155.4/شنط 28/07/2025 06/07/2004 كتب  
Implemented & Customized by: BBB with SCIT (Smart Chains for Information Technology)

Powered by Koha